| 000 | 00413nam a22001577a 4500 | ||
|---|---|---|---|
| 999 |
_c3721 _d3721 |
||
| 008 | 200626b ||||| |||| 00| 0 eng d | ||
| 082 | 0 | 0 |
_a665.5 _bV2282 |
| 100 |
_93052 _aHave, J. H. Van Der. |
||
| 245 | 1 | 0 |
_aPetroleum and its products _cby J. H. Van Der Have |
| 260 |
_aLondon _bPitman _c1957 |
||
| 300 | _aviii,421 p. | ||
| 365 | _d33.50 | ||
| 650 | 0 | _aPetroleum | |
| 700 |
_93053 _aVerver, C. G. |
||
| 942 | _cBK | ||